Atletico Madrid Squad 25/26 - Statistics

General Stats
  • This quiz has been taken 94 times
  • The average score is 17 of 24
Answer Stats
# Nation Former Club Answer % Correct
7 France Barcelona Antoine Griezmann
99%
19 Argentina Man City Julian Alvarez
97%
13 Slovenia Benfica Jan Oblak
96%
14 Spain Real Madrid Marcos Llorente
90%
9 Norway Villarreal Alexander Sorloth
89%
4 England Chelsea Conor Gallagher
89%
20 Argentina Youth Giuliano Simeone
88%
6 Spain Youth Koke
85%
17 Slovakia Feyenoord David Hancko
81%
15 France Barcelona Clement Lenglet
79%
2 Uruguay Danubio Jose Gimenez
79%
10 Spain Villarreal Alex Baena
76%
1 Argentina Atalanta Juan Musso
72%
24 Spain Real Sociedad Robin Le Normand
72%
8 Spain Youth Pablo Barrios
71%
22 Italy Napoli Giacomo Raspadori
69%
23 Argentina Juventus Nico Gonzalez
63%
3 Italy Atalanta Matteo Ruggeri
61%
11 Argentina Botafogo Thiago Almada
60%
5 USA Real Betis Johnny Cardoso
58%
16 Argentina Udinese Nahuel Molina
53%
21 Spain Celta Javi Galan
42%
18 Spain Almeria Marc Pubill
36%
12 Spain Youth Carlos Martin
18%
No matching quizzes found
Score Distribution
Percent of People with Each Score
Percentile by Number Answered
Your Score History
You have not taken this quiz